000 00876nam a22002777a 4500
003 CHAP
005 20220329134817.0
008 971013s r 10010 d
010 _a26323
011 _a27295
035 _a31396
040 _cCHAP
082 _a338.1063
_bC6 1961
111 0 0 _aConferencia Internacional de Economistas Agrícolas (
_n11
_d: 1961
_c: Cuernavaca)
_926494
245 _a(Documentos)
260 _a(s.l.) :
_b(s.e.),
_c(s.a.)
300 _apag. varía
590 _aBATCH-UPD
_b10
_c20130110
_lUCH01
_h2233
590 _aBATCH-UPD
_b10
_c20130410
_lUCH01
_h1529
590 _aBATCH-UPD
_b10
_c20130914
_lUCH01
_h2103
590 _aCONVERSION
_b10
_c20130109
_lUCH01
_h1315
650 1 4 _aAgricultura
_xAspectos economicos
_xCongresos.
_91234
901 _aBK
942 _cLIBRO
949 _a338.1063 C6 1961
_bBC
_cLIBRO
_d-72614
_eLIBRO
_h125
_i31396
_mD
_si
999 _c26323
_d26323